[Event "Challenge"]
[Site "http://www.queenalice.com/game.php?id=183692"]
[Date "2007.3.17"]
[Round "-"]
[White "fabianocsk"]
[Black "rafaelpp"]
[Result "0-1"]
[WhiteElo "1086"]
[BlackElo "1702"]

1. b4 d5 2. c3 Bd7 3. a4 c6 4. d4 Bf5 5. Nd2 e6 6. e3 Nf6 7. Ngf3 Bd6 8. Ng5 O-O
9. h3 h6 10. h4 hxg5 11. hxg5 Ne4 12. Qh5 f6 13. g6 Bxg6 14. Qxg6 Ng5 15. f4 Qe8
16. Qh5 g6 17. Qg4 Ne4 18. Rh6 Kg7 19. Rh4 Nxc3 20. Bb2 Bxb4 21. Nf3 f5 22. Qg3
Ne4+ 23. Ke2 Nxg3+ 24. Kf2 Ne4+ 25. Ke2 Rh8 26. g4 fxg4 27. Rxg4 Bc3 28. Ra2 Na6
29. Ne5 Rh2+ 30. Kf3 Rf2# 0-1

[Event "Let's Play Chess!"]
[Site "http://www.queenalice.com/game.php?id=186154"]
[Date "2007.3.22"]
[Round "-"]
[White "rafaelpp"]
[Black "math"]
[Result "0-1"]
[WhiteElo "1702"]
[BlackElo "1860"]

1. d4 d5 2. Na3 Bf5 3. c3 c6 4. h3 Nf6 5. g4 Be4 6. f3 Bg6 7. h4 h6 8. e3 Nbd7
9. Rh3 e5 10. g5 hxg5 11. hxg5 Rxh3 12. Bxh3 Nh7 13. dxe5 Nxg5 14. f4 Ne4 15. c4
Qh4+ 16. Ke2 Bh5+ 17. Nf3 Bxf3+ 18. Kxf3 Qf2+ 19. Kg4 Qg3+ 0-1

[Event "Let's Play Chess!"]
[Site "http://www.queenalice.com/game.php?id=188881"]
[Date "2007.3.28"]
[Round "-"]
[White "rafaelpp"]
[Black "Barbudo"]
[Result "0-1"]
[WhiteElo "1662"]
[BlackElo "1558"]

1. d4 d5 2. Na3 Bf5 3. c3 Nc6 4. Bf4 Nf6 5. Nb5 Rc8 6. g3 a6 7. Na3 Ne4 8. Bh3
Bxh3 9. Nxh3 e6 10. f3 Nf6 11. Qb3 b5 12. O-O-O Be7 13. g4 O-O 14. Be5 Bd6 15.
Qc2 Bxe5 16. dxe5 Nxe5 17. g5 Nh5 18. Rhg1 g6 19. f4 Nc4 20. e4 Ne3 21. Qe2 Nxd1
22. Rxd1 c6 23. f5 exf5 24. exf5 Re8 25. Qf3 Rf8 26. Nc2 Qd6 27. Rd2 a5 28. Ne3
b4 29. Ng4 Rce8 30. Re2 bxc3 31. Nf6+ Nxf6 32. gxf6 cxb2+ 33. Kxb2 Qb4+ 34. Kc1
Qc4+ 35. Kd1 Rxe2 36. Qxe2 Qxe2+ 37. Kxe2 gxf5 38. Ke3 Re8+ 39. Kf4 d4 40. Nf2
Re2 41. Kf3 Rxa2 42. h4 a4 43. Nd3 a3 44. Kf4 Ra1 45. Kxf5 Rf1+ 46. Kg5 a2 47.
Nf4 a1=Q 48. h5 Rg1+ 49. Kh6 Qf1 50. Nh3 Qxf6# 0-1

[Event "Let's Play Chess!"]
[Site "http://www.queenalice.com/game.php?id=191083"]
[Date "2007.4.3"]
[Round "-"]
[White "rafaelpp"]
[Black "Rutty"]
[Result "0-1"]
[WhiteElo "1560"]
[BlackElo "1968"]

1. d4 d5 2. Na3 Nf6 3. Bf4 Bf5 4. Nb5 Na6 5. e3 e6 6. c3 c6 7. Nd6+ Bxd6 8. f3
Bxf4 9. exf4 h5 10. h3 Qc7 11. Qe2 Qxf4 12. g4 hxg4 13. Bg2 gxh3 14. Nxh3 Qg3+
15. Qf2 Qxf2+ 16. Kxf2 O-O-O 17. Ng5 Bg6 18. b4 Nc7 19. a4 Rh5 20. Nh3 Rdh8 21.
Rae1 Bf5 22. Nf4 Rxh1 23. Bxh1 g5 24. Ne2 g4 25. f4 Bd3 26. Kg3 Bxe2 27. Rxe2
Rxh1 28. Rh2 Rxh2 29. Kxh2 Ne4 30. Kg2 Nxc3 31. a5 Ne4 32. Kh2 b6 33. axb6 axb6
34. Kg2 c5 35. dxc5 bxc5 36. bxc5 d4 37. Kf1 d3 38. Ke1 g3 0-1

[Event "Let's Play Chess!"]
[Site "http://www.queenalice.com/game.php?id=191130"]
[Date "2007.4.3"]
[Round "-"]
[White "mauricio_sm"]
[Black "rafaelpp"]
[Result "1-0"]
[WhiteElo "1707"]
[BlackElo "1550"]

1. e4 e5 2. Nf3 d6 3. d3 Nf6 4. Nc3 c6 5. Bg5 Qb6 6. Rb1 Ng4 7. Qe2 h6 8. Bd2 d5
9. exd5 Bc5 10. Nd1 cxd5 11. Nxe5 Nxe5 12. Qxe5+ Qe6 13. Qxe6+ fxe6 14. Ne3 O-O
15. g3 d4 16. Nc4 Re8 17. Bg2 e5 18. O-O Re7 19. Rfe1 Nd7 20. a3 Rb8 21. f4 exf4
22. Rxe7 Bxe7 23. Re1 Bf8 24. Bxf4 Ra8 25. Bd6 Nf6 26. Bxf8 Kxf8 27. Nd6 Bd7 28.
c3 dxc3 29. bxc3 Bc6 30. Nxb7 Nd5 31. c4 Bxb7 32. Bxd5 Rb8 33. Rf1+ Ke7 34. Rf7+
Kd6 35. Rxb7 Rxb7 36. Bxb7 a5 37. Kf2 g5 38. Kf3 Ke5 39. Be4 Kd4 40. h4 gxh4 41.
gxh4 Kc3 42. c5 Kb3 43. c6 Kxa3 44. c7 a4 45. c8=Q Kb3 46. Qc4+ Ka3 47. Qc3+ Ka2
48. Bd5+ Kb1 49. Qd2 a3 50. Ba2+ Ka1 51. Qc2 h5 52. Qb1# 1-0

[Event "Challenge"]
[Site "http://www.queenalice.com/game.php?id=197534"]
[Date "2007.4.16"]
[Round "-"]
[White "jalvez"]
[Black "rafaelpp"]
[Result "1-0"]
[WhiteElo "1846"]
[BlackElo "1560"]

1. e4 Nf6 2. Nc3 c6 3. e5 Ng4 4. Qxg4 h5 5. Qe4 d5 6. exd6 Qxd6 7. d4 f5 8. Qe5
Nd7 9. Qxd6 exd6 10. h4 c5 11. dxc5 dxc5 12. Bf4 Be7 13. Nd5 Bd8 14. O-O-O b6
15. Bb5 Bb7 16. Bxd7+ Kxd7 17. Nxb6+ Kc6 18. Nxa8 Bxa8 19. Nf3 Bf6 20. Ne5+ Kb5
21. c4+ Ka5 22. f3 Re8 23. Rd6 Bxe5 24. Bd2+ Ka4 25. Ra6# 1-0

[Event "Challenge"]
[Site "http://www.queenalice.com/game.php?id=198189"]
[Date "2007.4.17"]
[Round "-"]
[White "rafaelpp"]
[Black "hugom"]
[Result "0-1"]
[WhiteElo "1504"]
[BlackElo "1445"]

1. Nf3 d5 2. e3 Nc6 3. d4 e6 4. c3 Bd6 5. g3 Nf6 6. Ne5 O-O 7. f4 a5 8. Bb5 Na7
9. Qa4 c6 10. Bd3 b5 11. Qd1 c5 12. dxc5 Bxc5 13. g4 h6 14. Bc2 g5 15. Rf1 Kg7
16. Qd3 Rh8 17. a4 b4 18. c4 d4 19. e4 Qc7 20. fxg5 hxg5 21. Nf3 Nxg4 22. Bxg5
Rh3 23. Qe2 f6 24. Qg2 fxg5 25. Qxh3 Ne3 26. Rf2 e5 27. Qh5 Kf6 28. Qxg5+ Ke6
29. Bd3 b3 30. Nbd2 Kd6 31. Qxe5+ Kd7 32. Nxb3 Bd6 33. Qxd4 Ng4 34. Rg2 Nc6 35.
Qg7+ Ke8 36. Rxg4 Bxg4 37. Qxg4 Nb4 38. Rd1 Qd7 39. Qg8+ Bf8 40. Bf1 Qf7 41. Qg4
Nc2+ 42. Kd2 Nb4 43. Ne5 Qf2+ 44. Be2 Rd8+ 45. Kc3 Rxd1 46. Bxd1 Qe3+ 47. Nd3
Qxd3# 0-1

[Event "Challenge"]
[Site "http://www.queenalice.com/game.php?id=198279"]
[Date "2007.4.17"]
[Round "-"]
[White "Kronista"]
[Black "rafaelpp"]
[Result "1-0"]
[WhiteElo "1746"]
[BlackElo "1553"]

1. e4 e5 2. Nc3 c6 3. d3 Nh6 4. Nge2 Ng4 5. f3 Nh6 6. f4 d6 7. f5 d5 8. Bxh6
gxh6 9. Qd2 d4 10. Na4 b5 11. Nc5 Bxc5 12. Qxh6 Bb4+ 13. c3 dxc3 14. Nxc3 Qd4
15. Rc1 Bf8 16. Qf6 Rg8 17. Ne2 Qxd3 18. Rxc6 Bd7 19. Rc7 Bg7 20. Qh4 Qb1+ 21.
Kf2 f6 22. Qxh7 Kf8 23. Nc3 Qxb2+ 24. Be2 Be8 25. Rc8 Rh8 26. Qg6 Ke7 27. Qxg7+
Bf7 28. Nd5+ Kd6 29. Qxf6+ Kd7 30. Rc7+ 1-0

[Event "Challenge"]
[Site "http://www.queenalice.com/game.php?id=198280"]
[Date "2007.4.17"]
[Round "-"]
[White "rafaelpp"]
[Black "Kronista"]
[Result "0-1"]
[WhiteElo "1538"]
[BlackElo "1741"]

1. Nc3 Nf6 2. d4 d5 3. Bf4 Bf5 4. Nb5 Na6 5. f3 e6 6. a3 c6 7. g4 Bg6 8. Nc3 c5
9. b4 cxb4 10. Qb1 Qb6 11. Na4 Qb5 12. axb4 Qxb4+ 13. Bd2 Qxb1+ 14. Rxb1 b6 15.
e4 dxe4 16. Bxa6 exf3 17. Bb5+ Kd8 18. Nxf3 Bxc2 19. Rb2 Be4 20. Rf1 Nxg4 21.
Bg5+ f6 22. Bh4 Bd6 23. Ne5 g5 24. Re2 Bf5 25. Nc6+ Kc7 26. d5 gxh4 27. dxe6 Bg6
28. h3 a6 29. hxg4 axb5 30. Nc3 Kxc6 31. Rxf6 Ra1+ 32. Kf2 Rf8 33. g5 Rxf6+ 34.
gxf6 h3 35. Kf3 Bh5+ 36. Ke3 Bxe2 37. Nxe2 h2 38. Ng3 Ra3+ 39. Kf2 Rxg3 40. f7
h1=Q 41. f8=Q Bxf8 42. Kxg3 Qe4 43. Kh3 Qf4 44. Kg2 Qe3 45. Kf1 Qd2 46. Kg1 Bc5+
47. Kh1 Qf2 48. e7 Qg1# 0-1

[Event "Challenge"]
[Site "http://www.queenalice.com/game.php?id=202595"]
[Date "2007.4.26"]
[Round "-"]
[White "rafaelpp"]
[Black "Nunes"]
[Result "0-1"]
[WhiteElo "1525"]
[BlackElo "1701"]

1. Na3 d5 2. d4 Nc6 3. c3 e5 4. f4 exf4 5. Bxf4 a6 6. b4 Bd7 7. g3 Nxb4 8. Nc2
Nxc2+ 9. Qxc2 Be7 10. Bg2 Nf6 11. Qb3 Bc6 12. Nh3 O-O 13. O-O Re8 14. Bf3 h6 15.
g4 Nh7 16. c4 dxc4 17. Qxc4 Bxf3 18. exf3 c6 19. Rab1 Qd7 20. Be5 Bf6 21. f4
Bxe5 22. fxe5 Qxg4+ 23. Kh1 Qxh3 24. Qxf7+ Kh8 25. Rg1 Ng5 26. Qxb7 Qf3+ 27. Rg2
Ne6 28. Rb3 Qe4 29. Rg3 g5 30. Qf7 Rf8 31. Qxe6 Rf1# 0-1

[Event "Challenge"]
[Site "http://www.queenalice.com/game.php?id=214233"]
[Date "2007.5.21"]
[Round "-"]
[White "alexnu"]
[Black "rafaelpp"]
[Result "0-1"]
[WhiteElo "1321"]
[BlackElo "1511"]

1. g4 d5 2. Bg2 c6 3. h3 Nf6 4. d4 Ne4 5. Nf3 Qa5+ 6. c3 f6 7. Nh4 g5 8. Nf5 h5
9. f3 Nd6 10. Nxd6+ exd6 11. Qd3 Kf7 12. e4 Bg7 13. f4 b6 14. exd5 cxd5 15. fxg5
hxg4 16. Bf4 gxh3 17. g6+ Ke7 18. Bf3 f5 19. Nd2 Nc6 20. Bg5+ Bf6 21. Bxf6+ Kxf6
22. O-O-O Qxa2 23. Kc2 f4 24. Qb5 Bf5+ 25. Ne4+ dxe4 26. Be2 e3+ 27. Bd3 Ne7 28.
g7 Rh7 29. Rhg1 h2 30. Bxf5 hxg1=Q 31. Rxg1 Rh2+ 32. Kd3 d5 0-1

[Event "Let's Play Chess!"]
[Site "http://www.queenalice.com/game.php?id=216162"]
[Date "2007.5.25"]
[Round "-"]
[White "rafaelpp"]
[Black "jovy1097"]
[Result "0-1"]
[WhiteElo "1512"]
[BlackElo "1747"]

1. e4 c6 2. Nh3 d5 3. e5 Bxh3 4. gxh3 e6 5. c3 Nd7 6. d4 Ne7 7. Bg5 h6 8. Bh4 g5
9. Bg3 Nf5 10. Qh5 c5 11. f4 Be7 12. Na3 a6 13. Bf2 cxd4 14. cxd4 Qb6 15. O-O-O
Rc8+ 16. Nc2 Qc7 17. Bd3 gxf4 18. Rhg1 Nf8 19. Kb1 b5 20. Rc1 Qb7 21. a3 a5 22.
b4 axb4 23. Nxb4 Rxc1+ 24. Rxc1 Bg5 25. Rc5 Nd7 26. Rxb5 Qc7 27. Ra5 Qxa5 28.
Qe2 Qxa3 29. Qb2 Qxb2+ 30. Kxb2 Bh4 31. Bxh4 Nxh4 32. Bb5 Nf3 33. Kc3 Nxh2 34.
Nc6 Rg8 35. Nb8 Rg3+ 36. Kb4 Rxh3 37. Nxd7 f3 38. Nf6+ Kf8 39. Kc5 f2 40. Nh7+
Kg7 41. Nf6 f1=Q 42. Bxf1 Nxf1 43. Ne8+ Kf8 44. Nd6 h5 45. Kc6 h4 46. Kd7 Rd3
47. Ne8 h3 48. Nf6 h2 49. Nxd5 exd5 50. e6 fxe6 51. Kxe6 h1=Q 52. Ke5 Ke7 0-1

[Event "Let's Play Chess!"]
[Site "http://www.queenalice.com/game.php?id=216163"]
[Date "2007.5.25"]
[Round "-"]
[White "chessman"]
[Black "rafaelpp"]
[Result "1-0"]
[WhiteElo "1846"]
[BlackElo "1521"]

1. e4 e5 2. Nf3 Nc6 3. Bb5 a6 4. Bxc6 dxc6 5. d4 c5 6. d5 c4 7. Nxe5 f6 8. Nxc4
b5 9. Ncd2 Nh6 10. Nb3 g6 11. O-O Bg4 12. f3 Bh5 13. g4 Rg8 14. Kh1 f5 15. gxh5
gxh5 16. Rg1 Rxg1+ 17. Qxg1 fxe4 18. Bxh6 Bxh6 19. Qg8+ Bf8 20. Qe6+ Qe7 21.
Qxe7+ Bxe7 22. fxe4 Kf7 23. N1d2 Rg8 24. Rg1 Bg5 25. Nf3 Be3 26. Rxg8 Kxg8 27.
Kg2 Kg7 28. Nfd4 Kf6 29. Nc6 Kg5 30. e5 Bf4 31. Nbd4 Bc1 32. d6 cxd6 33. exd6
Kg4 34. h3+ Kf4 35. Ne2+ Ke4 36. Nxc1 Kd5 37. d7 Kxc6 38. d8=Q b4 39. Kf3 a5 40.
Ke4 Kc5 41. Nb3+ Kc4 42. Qd5# 1-0

[Event "Challenge"]
[Site "http://www.queenalice.com/game.php?id=216947"]
[Date "2007.5.27"]
[Round "-"]
[White "nezitiCx"]
[Black "rafaelpp"]
[Result "1-0"]
[WhiteElo "1634"]
[BlackElo "1527"]

1. e4 e5 2. Nf3 Nc6 3. d3 Nf6 4. Nc3 d5 5. exd5 Nxd5 6. Nxd5 Qxd5 7. c4 Qc5 8.
Be3 Qb4+ 9. Qd2 Qa5 10. b4 Bxb4 11. Be2 Bxd2+ 12. Bxd2 Qa4 13. O-O f5 14. Bd1
Qa3 15. Re1 Qc5 16. Be3 Qd6 17. Bc2 Nb4 18. c5 Qd5 19. Ba4+ Bd7 20. Bb3 Qxd3 21.
Bd2 Nc2 22. Re3 Nxe3 23. Bxe3 f4 24. Nxe5 Qe2 25. Bf7+ Ke7 26. Bxf4 Rhf8 27.
Bg5# 1-0

[Event "Challenge"]
[Site "http://www.queenalice.com/game.php?id=216948"]
[Date "2007.5.27"]
[Round "-"]
[White "rafaelpp"]
[Black "Endy"]
[Result "0-1"]
[WhiteElo "1518"]
[BlackElo "1587"]

1. e4 e5 2. Nh3 h6 3. f4 Nc6 4. Nc3 a6 5. f5 Nd4 6. Na4 b5 7. Nc3 Qh4+ 8. g3 Qd8
9. d3 Bb7 10. a4 b4 11. Nd5 c6 12. c3 cxd5 13. cxd4 d6 14. Be3 dxe4 15. dxe5
exd3 16. Rg1 Be4 17. Bxd3 Bxd3 18. Qxd3 dxe5 19. Qe4 Nf6 20. Qxe5+ Qe7 21. Bf4
Qxe5+ 22. Bxe5 Ng4 23. Bf4 Bc5 24. Rg2 O-O 25. O-O-O Be3+ 26. Kb1 Bxf4 27. Nxf4
Ne3 28. Rgd2 Nxd1 29. Rxd1 Rfd8 30. Nd5 Rac8 31. f6 gxf6 32. Nxf6+ Kh8 33. Re1
Rd6 34. Ne8 Rdd8 35. Nf6 b3 36. Ng4 Kg7 37. h4 f5 38. Ne3 Kg6 39. g4 f4 40. h5+
Kg5 41. Ng2 Kxg4 42. Rf1 f3 43. Ne3+ Kg3 44. Rc1 Rxc1+ 45. Kxc1 f2 46. a5 Kf3
47. Nf1 Rd3 48. Nd2+ Ke2 49. Nxb3 Rxb3 50. Kc2 Rd3 51. b4 f1=Q 52. b5 Qd1+ 53.
Kb2 Qb3+ 0-1

[Event "rafael vs rafael"]
[Site "http://www.queenalice.com/game.php?id=218269"]
[Date "2007.5.30"]
[Round "-"]
[White "technicaldraw"]
[Black "rafaelpp"]
[Result "1-0"]
[WhiteElo "2130"]
[BlackElo "1527"]

1. e4 e5 2. Nf3 Nc6 3. Bb5 f6 4. d4 a6 5. Bxc6 bxc6 6. dxe5 Qe7 7. O-O fxe5 8.
Nc3 Bb7 9. b3 d5 10. exd5 O-O-O 11. Re1 Qc5 12. Bb2 Ne7 13. Nxe5 Rd6 14. Nf7 Rg8
15. Nxd6+ Qxd6 16. Qg4+ Kb8 17. dxc6 Nxc6 18. Rad1 Qb4 19. Re8+ Bc8 20. Qxc8+
Ka7 21. Qa8+ Kb6 22. Nd5+ Kc5 23. Nxb4 Nxb4 24. Re5+ Kb6 25. Qb8+ Kc6 26. Re6+
Kc5 27. Qxc7+ Nc6 28. Qxc6+ Kb4 29. Re4+ 1-0

[Event "Let's Play Chess!"]
[Site "http://www.queenalice.com/game.php?id=260595"]
[Date "2007.8.24"]
[Round "-"]
[White "chrisnorman"]
[Black "rafaelpp"]
[Result "1-0"]
[WhiteElo "1692"]
[BlackElo "1488"]

1. Nf3 Nf6 2. e3 d5 3. d4 c6 4. Bd3 e6 5. O-O Bd6 6. c3 b5 7. b4 a5 8. a3 h5 9.
Bd2 Qc7 10. g3 Ne4 11. Bxe4 dxe4 12. Nh4 g5 13. Ng2 h4 14. Qg4 h3 15. Ne1 f6 16.
Qe2 f5 17. g4 Bxh2+ 18. Kh1 Rh4 19. gxf5 exf5 20. f3 Bg3 21. fxe4 h2 22. Nf3 Rh6
23. e5 g4 24. Qg2 Rh3 25. Ng5 Bxe5 26. Nxh3 Bg3 27. Nf4 Bxf4 28. exf4 Be6 29.
Re1 Kd7 30. Qxh2 Bd5+ 31. Kg1 Kc8 32. Qh8+ Kb7 33. Re8 g3 34. Qf6 Qd7 35. Re7 g2
36. Rxd7+ Nxd7 37. Qxf5 Kc7 38. bxa5 Rh8 39. Qg4 Rh1+ 40. Kf2 Rf1+ 41. Ke3 g1=Q+
42. Qxg1 Rxg1 43. Kf2 Rg2+ 44. Ke3 Nf6 45. a4 Be4 46. a6 Kd6 47. a7 Kd5 48. f5
Rg8 49. axb5 cxb5 50. a8=Q+ Rxa8 51. Rxa8 Bxb1 52. Ra5 Kc4 53. Ra6 Nd5+ 54. Ke2
Bxf5 55. Rc6+ Kb3 56. Rc5 Bg4+ 57. Ke1 Nf4 58. Rxb5+ Kc2 59. Bxf4 Kxc3 60. Be5
Kc4 61. Rc5+ Kb4 62. Kd2 Bf5 63. Bc7 Be4 64. Bb6 Kb3 65. Ba5 Bg6 66. d5 Be8 67.
d6 Ba4 68. Rc3+ Kb2 69. Bb4 Bb5 70. Ba3+ Ka2 71. Kc1 Ba4 72. Bb4 Bb5 73. Ra3#
1-0

[Event "Let's Play Chess!"]
[Site "http://www.queenalice.com/game.php?id=271619"]
[Date "2007.9.14"]
[Round "-"]
[White "Moondawg"]
[Black "rafaelpp"]
[Result "1-0"]
[WhiteElo "1707"]
[BlackElo "1480"]

1. e4 e5 2. Nf3 d6 3. Nc3 Bd7 4. d3 Nh6 5. Bxh6 gxh6 6. d4 Bg7 7. d5 c6 8. Bc4
a6 9. a4 f5 10. O-O f4 11. b4 Bf6 12. Re1 Rg8 13. Kh1 Qb6 14. Qd2 Qxb4 15. Qd3
Rg7 16. Reb1 Qc5 17. Qe2 Ra7 18. dxc6 Bxc6 19. Nd5 Bd8 20. Rd1 1-0